| 000 | 00542nam a22001817a 4500 | ||
|---|---|---|---|
| 003 | koha_MIRAKIL | ||
| 005 | 20241016143015.0 | ||
| 008 | 231213b |||||||| |||| 00| 0 ||| d | ||
| 020 | _a9786257952200 | ||
| 040 |
_aTR-IsEVY _btur _cTR-IsEVY |
||
| 082 | _aFIC KRA/E | ||
| 100 | _aKrause, Ute | ||
| 245 | 0 |
_aEksi üç ve gürültücü Lusi / _cUte Krause. |
|
| 260 |
_bDinozor Çocuk Yayınları, _c2020. _aİstanbul : |
||
| 300 |
_a70 s. : _brenkli resimli ; _c24 cm. |
||
| 650 |
_aÇocuk Edebiyatı. _vÇocuk Hikayeleri. |
||
| 942 |
_2ddc _cBK |
||
| 999 |
_c20876 _d20876 |
||